Reprezentacje z największą średnią wieku - Statystyki

Ogólne statystyki
  • Ten quiz został rozwiązany 12 razy
  • Średni wynik to 1 z 7
Statystyki odpowiedzi
Średnia wieku Reprezentacja % Poprawnych
30 lat Peru
82%
29,4 lat Szkocja
27%
29,7 lat Bahrajn
9%
29,5 lat Botswana
0%
29,4 lat Hongkong
0%
29,2 lat Sudan
0%
29,4 lat Turkmenistan
0%
Nie znaleziono quizów pasujących do podanych kryteriów
Rozkład punktacji
Procent ludzi z każdym wynikiem
Percentyl według liczby udzielonych odpowiedzi
Twoja historia wyników
Nie rozwiązałeś tego quizu